00723nam a2200277Ia 4500001000700000003000500007008004100012010001100053040000900064082001100073100003100084245004600115260003900161300001100200440003800211500000500249503000500254650003000259901001100289902000600300910000900306942000600315942000700321999001900328952009800347Z_3226CHAP220113s1999 xx 000 0 und d a166334 cCHAP a860 A7 aArreola, Juan José97462 aConfabulario /cpor Juan José Arreola aMéxico, D. F. :bPlaneta,c1999 a163 p. aNarrativa actual mexicana9139932 a a aLiteratura mexicana I. t. a860 A7 aA a1999 c1 cc1 c166334d166334 00102ddc40708GRALaZbZc1d2017-08-15pz_6938r2022-01-18 00:00:00t1w2022-01-18yLIBRO